LEADER 01850nam a2200325 i 4500 001 000000255294 003 CaOOAMICUS 005 20170803000000.0 008 170803s2016 it u000 u ita u 013 $a234199 020 $a978-88-209-9800-4 040 $aSeMil$bita 245 10$aPenitenza e penitenzieria nel "secolo" del Concilio di Trento :$bprassi e dottrine in un mondo più largo, 15174-1614 /$ca cura di Manlio Sodi, Alessandro Saraco ; presentazione di Sua Em.za il Card. Mauro Piacenza ; prolusione di Sua Ecc.za Mons. Krzystof Nykiel. 260 $aCittà del Vaticano :$bLibreria Editrice Vaticana,$c2016. 300 $a294 p. ;$c24 cm. 490 0 $aMonumenta Studia Instrumenta Liturgica ;$v76 650 4$aConcilio di Trento <1545-1563>.$0(OLS)http://semarc/subject/58 650 4$aPenitenzieria apostolica - Storia.$0(OLS)http://semarc/subject/34431 650 4$aPenitenzieria Apostolica - Sacramento della penitenza.$0(OLS)http://semarc/subject/43986 700 1 $aNykiel, Krzysztof.$0(OLS)http://semarc/name/93613 700 1 $aSaraco, Alessandro.$0(OLS)http://semarc/name/94514 700 1 $aSodi, Manlio,$c.$0(OLS)http://semarc/name/180 700 1 $aPiacenza, Mauro,$c.$0(OLS)http://semarc/name/41497 830 0$aMonumenta Studia Instrumenta Liturgica ;$v76.$0(OLS)http://semarc/title/9420 850 $aSeMil 852 $aSeMil$W1$xVenegono$y1$m3K VI 290$j205640$B205640$CSeMilBibl$Z2$F218962 $81 961 $aOmaggio: Altro 996 $6020$a978-88-209-9800-4$9(OLS)http://semarc/number/279075 996 $6245$aPenitenza e penitenzieria nel "secolo" del Concilio di Trento :$bprassi e dottrine in un mondo più largo, 15174-1614$9(OLS)http://semarc/title/411577 996 $6260$aCittà del Vaticano :$bLibreria Editrice Vaticana$9(OLS)http://semarc/publisher/29734 LEADER 01099nam a2200229 i 4500 001 000000215611 003 CaOOAMICUS 005 20120830000000.0 008 120830s1930 it u000 u ita u 013 $a194486 040 $aSeMil$bita 100 1 $aGuerrini, Paolo,$c.$0(OLS)http://semarc/name/3780 245 10$aIgnorate reliquie archivistiche del monastero di S. Giulia /$cPaolo Guerrini. 260 $aBrescia :$bScuola Tipografica Istituto Figli di Maria Imm.,$c1930. 300 $a108 p. ;$c23 cm. 500 $aIn cop.: Estratto dai commentari dell'Ateneo di Brescia per il 1928 e il 1929. 650 4$aBrescia - Storia.$0(OLS)http://semarc/subject/3599 650 4$aBrescia - Monastero di Santa Giulia.$0(OLS)http://semarc/subject/9868 850 $aSeMil 852 $aSeMil$W1$xVenegono$y1$m3P III 115$j166031$B166031$CSeMilBibl$Z2$F176979 $81 996 $6245$aIgnorate reliquie archivistiche del monastero di S. Giulia$9(OLS)http://semarc/title/310345 996 $6260$aBrescia :$bScuola Tipografica Istituto Figli di Maria Imm.$9(OLS)http://semarc/publisher/49946 LEADER 00632nam a2200169 i 4500 001 000000063002 003 CaOOAMICUS 005 20130326000000.0 008 130326s1960 xx u000 u ger u 013 $a34174 040 $aSeMil$bita 245 14$aDie christliche Lehre von Schöpfung und Erlösung. 300 $a407 p. 773 0 $aBrunner, Emil <1889-1966>$tDogmatik.$b3. Aufl.$dZürich ; Stuttgart : Zwingli, 1960.$g2$w()28258 850 $aSeMil 852 $aSeMil$W1$xVenegono$y1$m2M III 195$j29155$B29155$CSeMilBibl$Z2$F29158 $81 996 $6245$aDie christliche Lehre von Schöpfung und Erlösung$9(OLS)http://semarc/title/99278 LEADER 01658nam a2200325 i 4500 001 000000081011 003 CaOOAMICUS 005 20181105114959.0 008 180130s2017 it u000 u ita u 013 $a53249 020 $a978-88-98226-24-5 040 $aSeMil$bita 100 1 $aGargano, Innocenzo.$0(OLS)http://semarc/name/7916 245 13$aLa misericordia nella vita e nel ministero del presbitero :$besercizi spirituali del Clero /$cInnocenzo Gargano, Bruna Costacurta ; a cura di Giuseppe La Placa. 260 $aCaltanissetta :$bDiocesi di Caltanissetta, Centro studi Monsignor Giovanni Jacono vescovo,$ccopyr. 2017. 300 $a299 p. :$bill. ;$c21 cm. 490 0 $aFormazione permanente del clero [Diocesi di Caltanissetta] ;$v22 650 4$aMisericordia.$0(OLS)http://semarc/subject/14176 700 1 $aLa Placa, Giuseppe.$0(OLS)http://semarc/name/43082 700 1 $aCostacurta, Bruna <1946- >.$0(OLS)http://semarc/name/15549 830 0$aFormazione permanente del clero ;$v22.$0(OLS)http://semarc/title/28244 850 $aSeMil 852 $aSeMil$W1$xVenegono$y1$m3G V 351$j46352$B46352$CSeMilBibl$Z2$F48608 $81 900 1 $aGargano, Guido Innocenzo$c. 961 $aOmaggio: Delpini mons. Mario 996 $6020$a978-88-98226-24-5$9(OLS)http://semarc/number/270930 996 $6245$aLa misericordia nella vita e nel ministero del presbitero :$besercizi spirituali del Clero$9(OLS)http://semarc/title/404298 996 $6260$aCaltanissetta :$bDiocesi di Caltanissetta, Centro studi Monsignor Giovanni Jacono vescovo$9(OLS)http://semarc/publisher/56591 LEADER 01231nam a2200301 i 4500 001 000000119533 003 CaOOAMICUS 005 20031029000000.0 008 031029s1991 it u000 u ita u 013 $a92227 020 $a88-311-4222-4 040 $aSeMil$bita 100 1 $aKowalska, Faustina .$0(OLS)http://semarc/name/49617 240 10$aJezu, ufam Tobie!.$0(OLS)http://semarc/title/175685 245 10$aGesù confido in te! :$bscritti scelti /$cMaria Faustina Kowalska ; a cura di Wladyslaw Kluz. 250 $a2. ed. 260 $aRoma :$bCittà Nuova,$c1991. 300 $a355 p. ;$c20 cm. 500 $aFondo Card. C.M. Martini. 650 4$aFaustina : Kowalska - Opere.$0(OLS)http://semarc/subject/45418 700 1 $aKluz, Wladyslaw.$0(OLS)http://semarc/name/49835 850 $aSeMil 852 $aSeMil$W1$xVenegono$y1$m2C I 25$j74740$B74740$CSeMilBibl$Z2$F85028 $81 941 1 $a4 961 $aOmaggio: Martini Card. Carlo Maria 996 $6020$a88-311-4222-4$9(OLS)http://semarc/number/104426 996 $6245$aGesù confido in te! :$bscritti scelti$9(OLS)http://semarc/title/175684 996 $6260$aRoma :$bCittà Nuova$9(OLS)http://semarc/publisher/29609 LEADER 01065nam a2200253 i 4500 001 000000209631 003 CaOOAMICUS 005 20251125113628.0 008 111221s1741 it u000 u lat u 013 $a188421 026 $aonnt ree- a-m- time (3) 1741 (R) 040 $aSeMil$bita 100 0 $aCicero, Marcus Tullius,$d<106-43 a.C.>.$0(OLS)http://semarc/name/659 245 10$aTomus sextus, qui Orationum tertius. 300 $a671, [1] p. 500 $aSegn.: A4-4P4. 773 0 $aCicero, Marcus Tullius <106-43 a.C.>$tM. Tullii Ciceronis Opera. Cum delectu commentariorum. Tomus 1. [-9.].$dParisiis : Apud Jean Bapt. Coignard, H. L. Guérin, J. Desaint et J. Guérin, 1740-1742.$g6$w()13692 850 $aSeMil 852 $aSeMil$W1$xVenegono$y1$m1X V 7 FA$j160082$B160082$CSeMilBibl$Z2$F171130 $8I 900 0 $aCicerone, Marco Tullio. 961 $aOmaggio: Biblioteca Seminario Duomo 996 $6245$aTomus sextus, qui Orationum tertius$9(OLS)http://semarc/title/302994